000 00420nam a22001457a 4500
005 20160106120656.0
008 160106b xxu||||| |||| 00| 0 eng d
040 _cPK-LaUMT
082 _aMMC 958.191593
_bIFT-S
100 _aIftikhar Hussain
245 _aSome major pukhtoon tribes along the Pak-Afghan border
_cIftikhar Hussain
260 _aPeshawar
_bHanns seidel foundation
_c2000
300 _a252 p.
942 _cBK
999 _c81205
_d81205